000 01061nam a22002177a 4500
003 OSt
005 20260122193931.0
008 230226b ||||| |||| 00| 0 eng d
040 _cOst
041 _ashan
082 _a294.309
100 _aၸၢၼ်ႇတႃႇဝရ
_dၸဝ်ႈ
_920666
245 _aသိူၵ်ႈပိုၼ်းတၢင်ႇသင်ႇၵႃႇယၼႃႇ
_cၸဝ်ႈၸၢၼ်ႇတႃႇဝရ
_nၽိင်ႈငႄႈပုတ်ႉထၽႃႇသႃႇတွႆး၊ 15
260 _aတူၼ်ႈတီး
_bဝိၼ်းၵွမ်ႇပျူႇတႃႇ
_c2013
300 _aင၊ 120 ၼႃႈ
_bႁၢင်ႈ (သီ)
_c20 ၸိၼ်ႇထီႇ
500 _aS-SAT: Dr. Prof Sai Aung Tun
500 _aပဵၼ်ပပ်ႉၸဝ်ႈတႃႇၸဝ်ႈတႃႇၼႁင်းၶေႃ ၶွင်တွၵ်ႉတိူဝ်ႇၸၢႆးဢွင်ႇထုၼ်း
650 _aပိုၼ်းပုတ်ႉထၽႃႇသႃႇ
_920669
942 _cBK1
942 _2ddc
999 _c22489
_d22489